| 000 | 00565nam a22001937a 4500 | ||
|---|---|---|---|
| 008 | 151201b xxu||||| |||| 00| 0 eng d | ||
| 020 | _a9781446267851 | ||
| 082 |
_aDC 808.406 _bOl43 _22014 |
||
| 100 |
_9839 _aOliver, Paul |
||
| 245 |
_aWriting Your Thesis/ _cPaul Oliver. |
||
| 250 | _a3rd Edition | ||
| 260 |
_bSAGE Publication, _cc2014. _aLos Angeles: |
||
| 300 |
_axi, 229 pages: _bIllustrations; _c24 cm. |
||
| 500 | _aIncludes index. | ||
| 650 | 0 |
_93739 _aThesis writing |
|
| 650 | 0 |
_93740 _aDissertations |
|
| 650 | 0 |
_93741 _aAcademic writing |
|
| 942 |
_2ddc _cDC |
||
| 999 |
_c352 _d352 |
||